00824naa#a2200205#i#4500001001600000005001700016011001400033100004100047102000700088200016300095210011000258215001000368608002700378675005000405700003200455700003200487700003500519700003400554856003000588EN\\bibl\11538520260430041715.4##a1994-4683##a20260429b2026####ek#y0engy0150####ca##aRU1#aComparative analysis of competitive performance of Greco-Roman wrestlers at the 2025 Russian National Championship and the World ChampionshipeJournal article1#aMoscowcNational State University of Physical Education, Sports and Health named after P.F. Lesgaftd2026##a4 с.##aJournal article2local##aКлассическая борьба. 796.82#1aFedorovgGrigoriy Pavlovich#1aNerobeevgNikolai Yurievich#1aLevickiygAleksey Grigor'evich#1aDenisenkogAndrey Nikolaevich4#auchzapiski.lesgaft.spb.ru